| 000 | 00665nam a2200205 i 4500 | ||
|---|---|---|---|
| 001 | 141894 | ||
| 003 | ES-MaACL | ||
| 005 | 20250702020223.0 | ||
| 007 | t| | ||
| 008 | 071001s1986 xxk ||||1| eng d | ||
| 100 | 1 |
_aWilliams, Bernard. _9116913 |
|
| 245 | 1 | 0 |
_aDescartes _b: the project of pure enquiry / _cBernard Williams. |
| 260 |
_aHarmondsworth, Middlesex : _bPenguin, _c1986. |
||
| 300 |
_a319 p. ; _c20 cm. |
||
| 490 | 1 | _aPelican books. Philosophy | |
| 600 | 1 | 4 |
_aDescartes, René, _d1846-1881- _xCrítica e interpretación _943839 |
| 830 | 0 |
_aPelican books. Philosophy _9220450 |
|
| 852 |
_aES-MaACL _jL-10990 _bR.112801 |
||
| 999 |
_c141894 _d141894 |
||